Central Library OPAC University of Rajshahi
Normal view MARC view

Entry Geographic Name

Number of records used in: 2

001 - CONTROL NUMBER

  • control field: 16469

003 - CONTROL NUMBER IDENTIFIER

  • control field: BD-RjUL

005 - DATE AND TIME OF LATEST TRANSACTION

  • control field: 20250804164558.0

008 - FIXED-LENGTH DATA ELEMENTS

  • fixed length control field: 250804|| aca||aabn | a|a d

040 ## - CATALOGING SOURCE

  • Original cataloging agency: BD-RjUL
  • Transcribing agency: BD-RjUL

151 ## - HEADING--GEOGRAPHIC NAME

  • Geographic name: West Midlands (England)
  • General subdivision: Languages
  • General subdivision: History
  • General subdivision: Sources

670 ## - SOURCE DATA FOUND

  • Source citation: Work cat.: (BD-RjUL)85443: Morris, Richard, 1833-1894 16465, Early English alliterative poems in the West-Midland dialect of the fourteenth century./, [1965]